LIBRARY & INFORMATION CENTRE, KCAET, TAVANUR

ONLINE PUBLIC ACCESS CATALOGUE (OPAC)

Indira's Objective Agronomy:(Multiple choice questipons( MCQ's) for competitive examinations of Agriculture and Agronomy) (Record no. 14194)

MARC details
000 -LEADER
fixed length control field 00394nam a22001217a 4500
020 ## - INTERNATIONAL STANDARD BOOK NUMBER
ISBN 9788172338763
082 ## - DEWEY DECIMAL CLASSIFICATION NUMBER
Classification number 630.75
Item number ARY/OB
100 ## - MAIN ENTRY--AUTHOR NAME
Personal name Arya, R.L
-- Janardhan Kumar
245 ## - TITLE STATEMENT
Title Indira's Objective Agronomy:(Multiple choice questipons( MCQ's) for competitive examinations of Agriculture and Agronomy)
260 ## - PUBLICATION, DISTRIBUTION, ETC. (IMPRINT)
Place of publication Jodhpur
Name of publisher Scientific Publishers
Year of publication 2014
300 ## - PHYSICAL DESCRIPTION
Number of Pages 690
942 ## - ADDED ENTRY ELEMENTS (KOHA)
Koha item type Books
Holdings
Withdrawn status Lost status Damaged status Home library Current library Shelving location Date acquired Cost, normal purchase price Full call number Accession Number Koha item type
      KAUAET KAUAET General Stacks 03/06/2016 495.00 630.75 ARY/OB 24670 Books
free website counter